Rembrandt (Record no. 6130)

MARC details
000 -CABECERA
campo de control de longitud fija 00985nam a2200289 a 4500
001 - NÚMERO DE CONTROL
campo de control BRCA_6446
005 - FECHA Y HORA DE LA ÚLTIMA TRANSACCIÓN
campo de control 20190320205446.0
008 - DATOS DE LONGITUD FIJA--INFORMACIÓN GENERAL
campo de control de longitud fija 150110s1908----gw-a######---#000-0#ger-#
041 ## - CÓDIGO DE LENGUA
Código de lengua del texto/banda sonora o título independiente ger
044 ## - CÓDIGO DEL PAÍS DE LA ENTIDAD EDITORA/PRODUCTORA
Código MARC del país gw
050 #4 - SIGNATURA TOPOGRÁFICA DE LA BIBLIOTECA DEL CONGRESO
Número de clasificación ND653.R4
Número de documento/Ítem .R46 1 1908
245 10 - MENCIÓN DE TÍTULO
Título Rembrandt
Resto del título des Meisters Gemälde
Mención de responsabilidad, etc. mit einer biographischen einleitung von Adolf Rosenberg ; heraugegeben von W. R. Valentiner.
250 ## - MENCIÓN DE EDICIÓN
Mención de edición 3
260 ## - PUBLICACIÓN, DISTRIBUCIÓN, ETC.
Lugar de publicación, distribución, etc. Stuttgart, Alemania
Nombre del editor, distribuidor, etc. Deutsche Verlags-Anstalt
Fecha de publicación, distribución, etc. 1908
300 ## - DESCRIPCIÓN FÍSICA
Extensión xliii, 607 p.
Otras características físicas il., 543 láminas
Dimensiones 26 cm.
440 #0 - MENCIÓN DE SERIE/PUNTO DE ACCESO ADICIONAL--TÍTULO
Título Klassiker der Kunst in gesamtausgaben
Designación de volumen o secuencia 2
9 (RLIN) 16099
500 ## - NOTA GENERAL
Nota general Incluye índice cronológico de las pinturas
500 ## - NOTA GENERAL
Nota general Ver también M48
500 ## - NOTA GENERAL
Nota general M47
600 14 - PUNTO DE ACCESO ADICIONAL DE MATERIA--NOMBRE DE PERSONA
Nombre de persona Rembrandt Harmenszoon van Rijn
Fechas asociadas al nombre 1607-1669
9 (RLIN) 7357
650 14 - PUNTO DE ACCESO ADICIONAL DE MATERIA--TÉRMINO DE MATERIA
Término de materia o nombre geográfico como elemento de entrada Pintores holandeses
9 (RLIN) 16100
650 14 - PUNTO DE ACCESO ADICIONAL DE MATERIA--TÉRMINO DE MATERIA
Término de materia o nombre geográfico como elemento de entrada Pinturas holandesas
9 (RLIN) 13737
700 1# - PUNTO DE ACCESO ADICIONAL--NOMBRE DE PERSONA
Nombre de persona Rosenberg, Adolf
9 (RLIN) 13616
700 1# - PUNTO DE ACCESO ADICIONAL--NOMBRE DE PERSONA
Nombre de persona Valentiner, Wilheim R.
Término indicativo de función/relación Editor
9 (RLIN) 16101
902 ## - CATALOGADOR
Iniciales GFM
942 ## - ELEMENTOS DE PUNTO DE ACCESO ADICIONAL (KOHA)
Fuente del sistema de clasificación o colocación Library of Congress Classification
Tipo de ítem Koha Libros
Holdings
Estado de retiro Estado de pérdida Estado dañado No para préstamo Localización permanente Ubicación/localización actual Fecha de adquisición Número de inventario Total de préstamos Signatura topográfica completa Código de barras Fecha visto por última vez Precio válido a partir de Tipo de ítem Koha
El ejemplar forma parte de la colección y puede ser consultado según las políticas vigentes.       Biblioteca del Museo Franz Mayer (Rogerio Casas-Alatriste) Biblioteca del Museo Franz Mayer (Rogerio Casas-Alatriste) 24/09/2011 M47   ND653.R4 .R46 1 1908 (M47) 6893 22/03/2019 22/03/2019 Libros